[Event "41. Olympiad Tromso 2014 Open"]
[Site "TromsÅ™"]
[Date "2014.08.08"]
[Round "6"]
[White "Urkedal, Frode"]
[Black "Navara, David"]
[Result "0-1"]
[WhiteElo "2500"]
[BlackElo "2716"]
[EventDate "2014.??.??"]
[Annotator "Cvek,R"]
[PlyCount "34"]
[EventCountry "NOR"]
[WhiteTeam "Norway"]
[BlackTeam "Czech Republic"]
[WhiteTeamCountry "NOR"]
[BlackTeamCountry "CZE"]
[TimeControl "40/5400+30:1800+30"]

1. d4 Nf6 2. c4 e6 3. Nf3 d5 4. Nc3 Bb4 5. Bg5 dxc4 6. e4 c5 7. Bxc4 cxd4 
8. Nxd4 Bxc3+ 9. bxc3 Qa5 {9 David svého soupeÅ™e urÄ�itÄ› pÅ™ekvapil, 
protoÅ¾e ten, v této známé teoretické pozici, ztratil pÅ™es jedenáct minut
na svÅ¯j tah.} 10. Bb5+ Nbd7 11. Bxf6 Qxc3+ 12. Kf1 gxf6 13. Nxe6? {
ZávaÅ¾ná chyba! Na první pohled vypadá úÅ¾asnÄ›, ale po dalÅ¡ím Ä�erném 
tahu slunce zajde:} 13. ... Qe5! {40 PÅ™esnÄ› tak. Nyní musí bílý jezdcem 
pryÄ� a Ä�erný získá náskok ve vývinu.} ( 13. ... fxe6?? 14. Rc1 Qe5 15. 
Rxc8+ Rxc8 16. Qxd7+ +- ) 14. Nd4 O-O {282 Bílý má nyní hromadu rÅ¯zných 
tahÅ¯, ale stojí hÅ¯Å™e. Jde o to, Å¾e Ä�erný má daleko lepÅ¡í vývin. 
ÄŒerný má moÅ¾nost jako ...Jc5 s ... Vd8, navíc je pÄ›Å¡ec e4 slabý. 
Bílé figurky Jd4 a Sb5 rovnÄ›Å¾ nejsou dobÅ™e postaveny a král na f1 jenom
potvrzuje hodnocení pozice: -/+ (Ä�erný stojí lépe) .} 15. Qd3 {Tato 
pozice se vyskytla v partii Ponomariov - IvanÄ�uk z roku 2011, partie je 
kvalitnÄ› komentována velmistrem Krasenkowem - v Megadatabázi.} 15. ... 
Kh8!? {David pÅ™iÅ¡el s dobrou novinkou. Asi netuÅ¡il, Å¾e vyhraje nyní 
velmi rychle:} ( 15. ... Nc5 16. Qg3+ Kh8 17. Qxe5 fxe5 {získal velmistr 
IvanÄ�uk lepÅ¡í koncovku, kterou dovedl do vítÄ›zného konce.} ) 16. Re1?? 
{To je naprostý kolaps, pÅ™i troÅ¡e fantasie jde pÅ™ipodobnit ke vzniku 
Ä�erné díry aneb bílá pozice se zhroutí nikoliv do bodu, ale do nuly. Tato
pozice je na diagram: najdete zisk figury?} ( 16. Bxd7 Bxd7 {s jasnou 
výhodou Ä�erného.} ) 16. ... Nc5 17. Qe3 ( 17. Qc4 a6 18. Ba4 b5 -+ ) 
17. ... Ne6! {se ziskem figury, bílý se vzdal.} 0-1

[Event "41. Olympiad Tromso 2014 Open"]
[Site "TromsøÂ¸"]
[Date "2014.08.08"]
[Round "6"]
[White "Mamedyarov, Shakhriyar"]
[Black "Jobava, Baadur"]
[Result "1-0"]
[WhiteElo "2743"]
[BlackElo "2713"]
[EventDate "2014.??.??"]
[Annotator "Marin, Mihail"]
[PlyCount "65"]
[EventCountry "NOR"]
[WhiteTeam "Azerbaijan"]
[BlackTeam "Georgia"]
[WhiteTeamCountry "AZE"]
[BlackTeamCountry "GEO"]

1. d4 d6 ( {It is worth comparing the position after Jobava's 6th move 
with that arising in a Benoni hybrid used by Rudolf Spielmann, the last of
the romantics, as he was named.} 1. ... Nf6 2. Nf3 c5 3. d5 d6 4. c4 ( {
Against} 4. Nc3 {Spielmann used to play the same:} 4. ... Bf5 ) 4. ... Bf5
5. Nc3 h6 {followed by ... g7-g5.[#]This is not very common nowadays, but 
last year it was played in one game between strong players, 
Caprio-Ivanisevic, Bergamo 2013 (Black won in 30 moves).} ) 2. Nf3 Nf6 3. 
c4 c6 4. Nc3 Bf5 {This is not really a main opening for Black, but the 
variation has been tried out in quite a few games. So far, both players 
have been blitzing out their moves, but Mamedjarov now stopped for almost 
three minutes.} 5. d5!? {A rare move, making the first step towards 
originality.} 5. ... h6 6. g3 c5 {Jobava kept playing fast, but I wonder 
whether he realised that he got trapped in the Spielmann Benoni with a 
tempo down. I am not that dogmatic to claim that a tempo is always 
important, nor will I preach using Tartakower's classic "Chess is the 
tragedy of one tempo" (as almost anything else that he wrote, this 
actually is a play on words, hinting at the theater world, too). But if 
you are black and play a hyper-hyper-modern opening, the thought that 
every tempo is important could at least briefly cross your mind.} 7. Nh4!?
{White decides to prevent the planned ...g7-g5 followed by ...Bg7, but 
this could have backfired.} ( {Being a player of the boring type, I would 
use my extra tempo for continuing my development with} 7. Bg2 {As for 
White's chances for an advantage, I can only quote some words of wisdom 
heard from Kortschnoj during one of our post-mortems: "If you do not win, 
bad luck; but you have to play like this!" But then it would not become 
such an original game...} ) 7. ... Bh7 8. f4 {[#] Jobava finally stopped 
from the blitzing fury and took 16 minutes before answering. This is what 
they used to preach when I was a kid: play by intuition for most of the 
game, but do stop for a deep thought in the two or three critical moments.
However, the way the game turns, this seems to have been the wrong 
decision.} 8. ... Rg8? {Black needs finding a way to develop his 
f8-bishop.} ( {It goes without saying that} 8. ... g6? {is simply awful. 
While preparing to activate one bishop, it paralyzes the other.} ) ( {Or 
if} 8. ... e6? 9. dxe6 fxe6 10. Bh3 {the absence of the light-squared 
bishop from the queenside causes Black major problems.} ) ( {I am almost 
certain that for a player like Jobava the first impulse suggests the 
dynamic} 8. ... g5! {preparing the development of the dark-squared bishop 
without molesting his colleague.} 9. fxg5 hxg5 10. Bxg5 Ne4 {Followed by 
...Bg7 and ...Nd7 with excellent compensation for Black. Quite possibly, 
during his long thought Baadur managed to "convince himself there was no 
need for such radical measures. I must confess that I am very surprised 
with myself. For decades, I have countless times adviced: "Do not rush, 
take a deep breath once in a while". But now, I advocate the opposite: "If
you are in your element, don't hesitate, go for what your heart tells 
you!"} ) 9. Nf3! {The knight returns into play, leaving Black with the 
problem of developing his f8-bishop.} 9. ... Ne4 {After another long 
thought, 14 minutes. This time, there really was what to think about.} ( 
9. ... g5?! {does not work out so well now:} 10. fxg5 hxg5 11. Nxg5 {The 
knight which would have remained on the edge of the board in the previous 
line gains now a vital tempo, covering the e4-square at the same time.} ) 
10. Qc2! {Due to the unusual position of the black rook, this creates a 
relative pin.} 10. ... Qa5 ( 10. ... Nxc3? 11. Qxh7 {would trap the rook 
in an amusing (surely not for Black) way.} ) 11. Bd2 Ng5 12. Qb3 Nxf3+ 13.
 exf3 {[#]The dynamic phase has come to an end. White has considerable 
space advantage and a huge lead in development. At this level, this is 
equivalent to being close to winning.} 13. ... Nd7 14. Bh3 ( {The greedy} 
14. Qxb7 {would have been possible and quite good actually. Both players 
must have stopped after} 14. ... Rb8 15. Qc6 Rxb2 {, overlooking that the 
simple} 16. Rd1! {unpins the knight threatening the decisive Nb5.} ) 
14. ... O-O-O 15. Nb5 Qa6 {Not a fortunate square for the queen.} ( {But} 
15. ... Qb6 16. Qa3 {threatening Ba5 and Nxa7+ at the same time would be 
even worse for Black.} ) 16. O-O g5 {The impact of this move is 
neglectable, while White's queenside attack will be simple to carry out 
and quite effective!} 17. Rfe1 ( {A natural developing move, preventing 
...Bg7 and getting out of the range of the h7-bishop (if a4-a5 and Qa4, 
then ...Bd3 could come), but the immediate} 17. a4 {would have been quite 
strong, too.} ) 17. ... Kb8 18. a4 Nf6 19. a5 g4 {With the queen caged on 
a6, Black's attack is rather symbolic.} 20. fxg4 Nxg4 21. Qa4 h5 22. b4 h4
{[#]} 23. Rac1 {(!!) When I saw this move, my first impulse was to check 
whether there was a black bishop along the a1-h8 diagonal. The diagonal is
completely empty, so I had to look for a deeper reason for the last move -
not the only, but quite a strong one. By defending the c4-pawn, White 
creates the deadly threat Nc7!! followed by b5, trapping the queen! Since 
23...b6 looks suicidal, Black is forced to release the tension, thus 
opening files for White's attack.} 23. ... cxb4 24. Bxg4 Rxg4 25. Be3 {
[#]Black's army is cut in two. The kingside pieces cannot provide the king
with any support, while the queen cannot attack the white king. And there 
is no satisfactory way to prevent Bxa7+.} 25. ... b6 26. Qd1 Qc8 27. axb6 
hxg3 28. h3 {The simplest. With a bit of care, the g3-pawn is the white 
king's best friend.} 28. ... Rh4 29. Qa4 Qd7 30. c5 Rxh3 {[#]} 31. f5! ( {
By "a bit of care" I meant avoiding the trap} 31. c6?? Rh1+! {turning the 
g3-pawn into the king's worst enemy. after} 32. Kxh1 Qh3+ 33. Kg1 Qh2+ 34.
 Kf1 Bd3+ {with mate in two. Remarkably, such an oustanding tactician like
Mamedjarov needed only three seconds to play his last move!} ) 31. ... 
Bxf5 {Blocking the queen's access to h3 for a decisive instant.} ( {
Keeping the queen acitve with} 31. ... Qxf5 {allows a similar scenario in 
the opposite corner of the board:} 32. Qxa7+ ) 32. c6 a5 33. Qxa5 1-0

[Event "41st Olympiad Tromso 2014 Open""]
[Site "TromsÅ™"]
[Date "2014.08.08"]
[Round "6"]
[White "Tari, Aryan"]
[Black "Hracek, Zbynek"]
[Result "0-1"]
[WhiteElo "2440"]
[BlackElo "2634"]
[EventDate "2014.??.??"]
[Annotator "Cvek,R"]
[PlyCount "46"]
[EventCountry "NOR"]
[WhiteTeam "Norway"]
[BlackTeam "Czech Republic"]
[WhiteTeamCountry "NOR"]
[BlackTeamCountry "CZE"]
[TimeControl "40/5400+30:1800+30"]

1. e4 e5 2. Nf3 Nc6 3. Bb5 a6 4. Ba4 Nf6 5. O-O Be7 6. d3 d6 7. c4!? {
Zajímavý tah. Trochu strategicky riskantní rozhodnutí - slabé pole d4, ale
bílý získává prostor a kontrolu pole d5.} 7. ... O-O 8. Be3?! {To je dost 
sporný tah. Mladý Nor ho zahrál docela rychle, nicménÄ› po:} 8. ... Ng4! 
9. Bc1 f5 {Je zjevné, Å¾e Ä�erný má iniciativu. PrávÄ› tah ...f5 je 
klíÄ�ový strategický prvek pro podobné struktúry. ÄŒerný napadá bílý 
stÅ™ed a hledá zde aktivní hru. Å¾e partii rozhodne útok na krále se zdá 
nyní jako sen...} 10. h3 Nf6 11. Be3?! {Tak trochu mi to pÅ™ijde jako 
chování kojence, aneb já to prostÄ› chci! Divím se nakolik bílý lpÄ›l na 
postavení stÅ™elce na e3. NejdÅ™íve díky tahu 8.Se3 Ä�erný získal tlak na 
centrum bílého (iniciativu) a nyní získá Ä�erný hrozivý útok.} 11. ... f4 
12. Bc1 g5!! {Vynikající stategické Å™eÅ¡ení. StÅ™ed je uzavÅ™en a Ä�erný 
se okamÅ¾itÄ› pouÅ¡tí do útoku - bílý zaostal ve vývinu.} 13. Nxg5 {Bílý 
je nucen pÄ›Å¡ce vzít, jinak by Ä�erný sám zahrál ...g4 s naprostou 
dominancí.} 13. ... Qe8 {Pole g6 je ideální pro Ä�ernou dámu.} 14. Nf3 Kh8
15. Kh1 Rg8 {PoÄ�ítaÄ� mi zde hlásí 0,00 ale právÄ› v podobných pozicích 
není nejlepÅ¡ím rádcem. ÄŒerný má hrozivou kompenzaci, má aktivní figurky.
Co má bílý dÄ›lat proti jednoduchému plánu Ä�erného - pÅ™esun vÅ¡ech(!) 
figur na královské kÅ™ídlo?} 16. Rg1 Qh5 17. Bxc6? {Nyní bílý s rámusem 
prohraje.} ( 17. Nh2 {bylo lepÅ¡í, ale ani zde bílý nebude mít klid:} 
17. ... Bg4! 18. f3 ( 18. Nxg4 Nxg4 19. Qf1 f3 {s rozhodujícím útokem} ) (
18. hxg4 Nxg4 {se ziskem dámy} ) 18. ... Be6!? {Dobré bylo i 18...Sxh3. 
Nyní Ä�erný zdvojí vÄ›Å¾e na g sloupci se straÅ¡ným útokem.} ) 17. ... 
Bxh3! {pÄ›kný pÅ™íklad na zanedbání vývinu} 18. gxh3 Rxg1+ {12} 19. Qxg1 (
19. Kxg1 Qxh3 20. Bd5 Nxd5 -+ {s...Vg8} ) 19. ... Qxf3+ 20. Kh2 ( 20. Qg2 
Qd1+ 21. Qg1 Qxd3 22. Bxb7 Rg8 {Ä�erný vyhraje} ) 20. ... Rg8 21. Nd2 Qh5 
22. Qxg8+ Nxg8 23. Bxb7 Qe2 {StraÅ¡ný debakl a vynikající výkon naÅ¡eho 
velmistra.} 0-1

[Event "41st Olympiad Tromso 2014 Open"s"]
[Site "TromsÅ™"]
[Date "2014.08.08"]
[Round "6"]
[White "Mamedyarov, Shakhriyar"]
[Black "Jobava, Baadur"]
[Result "1-0"]
[WhiteElo "2743"]
[BlackElo "2713"]
[EventDate "2014.??.??"]
[Annotator "Cvek,R"]
[PlyCount "65"]
[EventCountry "NOR"]
[WhiteTeam "Azerbaijan"]
[BlackTeam "Georgia"]
[WhiteTeamCountry "AZE"]
[BlackTeamCountry "GEO"]
[TimeControl "40/5400+30:1800+30"]

{Dalo se Ä�ekat, Å¾e tato partie bude plná Å¡Å¥ávy. Oba borci mÄ› 
nezklamali. PojÄ�me se na tuto pÅ™estÅ™elku tak trochu podívat.} 
1. d4 d6 2. Nf3 Nf6 3. c4 c6 4. Nc3 Bf5!? {Oblíbený tah gruzínského bijce.
Je s podivem, Å¾e Jobava s takovým "kÅ™ivým" zahájením dosahuje tak 
skvÄ›lých výsledkÅ¯. Bude to ale urÄ�itÄ› tím, Å¾e...no prostÄ› umí hrát 
Å¡achy :-)} 5. d5!? h6 6. g3 c5 7. Nh4 Bh7 8. f4 {Následující tah 
Ä�erného bych asi v Å¾ivotÄ› neuhodl:} 8. ... Rg8!? {To je prostÄ› Jobava!
Nejde jenom o to udÄ›lat úchylný tah a bavit se tím, ale jde o strategicky
zajímavý tah/myÅ¡lenku. ÄŒerný ví, Å¾e krále schová na dlouhou stranu a 
bílý na tu krátkou. TakÅ¾e uÅ¾ dopÅ™edu pÅ™ipravuje vÄ›Å¾ na steÄ� g 
pÄ›Å¡ce. NicménÄ› byly tu i stÅ™ízlivÄ›jÅ¡í tahy...} 9. Nf3 {brání 
tahu...g5} 9. ... Ne4?! {To uÅ¾ je sporné rozhodnutí, protoÅ¾e bílý po:} (
9. ... Nbd7 10. Bh3 Qa5 11. O-O O-O-O {vypadá lépe, neÅ¾ tomu bylo v 
partii} ) 10. Qc2 {jezdce s výhodou vyÅ¾ene} 10. ... Qa5 11. Bd2 {Ä�erný 
musí jezdcem odejít z aktivní pozice} 11. ... Ng5 12. Qb3! {SprávnÄ›, zde 
dáma bude stát ideálnÄ›.} 12. ... Nxf3+ 13. exf3 Nd7 14. Bh3 {Mamedyarov 
nestojí o pÄ›Å¡ce a radÄ›ji dokonÄ�uje vývin, aÄ�koliv Houdini (zÅ™ejmÄ› i
Viktor KorÄ�noj) by pÄ›Å¡ce sebral.} ( 14. Qxb7 Rb8 15. Qc6 Rxb2 16. Rd1! 
{A koncepce Ä�erného nevypadá nikterak svÄ›tle.} ) 14. ... O-O-O 15. Nb5 
Qa6 {20} 16. O-O g5! â‡„â‡„ {Vznikla nám naprosto nepÅ™ehledná, chaotická 
pozice. Asi oba hráÄ�i byli spokojeni, zatímco kapitáni uÅ¾ tolik ne - 
jsou radÄ›ji, kdyÅ¾ vÄ›dí jak si pozice stojí. Ale co zde? Dokonalý 
trojtip.} 17. Rfe1 Kb8 18. a4 Nf6 19. a5 g4 20. fxg4 Nxg4 21. Qa4! {
Mamedyarov vymyslel originální plán - chce zahrát b4 a nÄ›kdy hrozit 
dokonce b5 a chytit Ä�ernou dámu.} 21. ... h5? {Jobava není typický 
profylaktik, radÄ›ji se dívá na svojí stranu, kde útoÄ�í.} 22. b4 h4 23. 
Rac1 {KoneÄ�nÄ› uÅ¾ hrozí 23. Jc7! s b5 a Ä�erná dáma je chycena. Co s 
tím dÄ›lat?} ( 23. Nc7? {hned neÅ¡lo pro:} 23. ... Qxc4 -+ ) 23. ... cxb4 
( 23. ... hxg3? 24. Nc7 Kxc7 25. b5 {Ä�erný nic nevykouzlí, bílý stojí na 
výhru} ) 24. Bxg4! Rxg4 25. Be3 b6 26. Qd1! {visí vÄ›Å¾ na g4} 26. ... Qc8
( 26. ... Rg8 27. axb6 {s rozhodujícím útokem} ) 27. axb6 {330 Braní 
jezdcem na a7 bylo silnÄ›jÅ¡í, ale ani braní na b6 není pro Ä�erného nic 
hezkého. ÄŒlovÄ›k nemusí být Å¡achový génius, aby pochopil, Å¾e útok 
bílého bude (a také je) rychlejÅ¡í.} 27. ... hxg3 28. h3 Rh4 29. Qa4 {Toto
rozhoduje. Bílých figur je pÅ™íliÅ¡ hodnÄ› na Ä�erného krále.} 29. ... Qd7
30. c5 Rxh3 31. f5! {Mamedyarov je pozorný.} ( 31. c6?? Rh1+ 32. Kxh1 Qh3+
33. Kg1 Qh2+ 34. Kf1 Bd3+ 35. Re2 Qxe2+ 36. Kg1 Qh2# ) 31. ... Bxf5 ( 
31. ... Qxf5 32. Qxa7+ Kc8 33. Qc7# ) 32. c6 a5!? 33. Qxa5 1-0

[Event "41. Olympiad Tromso 2014 women"]
[Site "TromsÃÂ¸"]
[Date "2014.08.08"]
[Round "6"]
[White "Hou, Yifan"]
[Black "Hoang, Thanh Trang"]
[Result "1-0"]
[WhiteElo "2661"]
[BlackElo "2485"]
[EventDate "2014.??.??"]
[Annotator "Ramirez Alvarez, Alejandro"]
[PlyCount "63"]
[EventCountry "NOR"]
[WhiteTeam "China"]
[BlackTeam "Ungarn"]
[WhiteTeamCountry "CHN"]
[BlackTeamCountry "HUN"]

1. e4 e6 2. d4 d5 3. Nc3 Nf6 4. Bg5 Be7 5. e5 Nfd7 6. h4!? {The 
Alekhine-Chatard gambit against the Classical French has never been fully 
refuted and it is still quite playable. That being said there are a couple
of lines that should give Black interesting play.} 6. ... c5 7. Bxe7 Kxe7 
( 7. ... Qxe7 {is another line and it leads to completely different 
positions.} ) 8. Nf3 Qb6?! {This is likely already a mistake.} ( 8. ... a6
{is probably more to the point, covering b5 at least.} ) 9. Qd2 Nc6 10. 
O-O-O cxd4 11. Nb5 h6 12. Qf4 a6 13. Nbxd4 {it is clear that something 
went wrong here for Black. She doesn't have enough pressure in the center 
and her king is stuck on e7 for the rest of the game. All Hou Yifan has to
do is angle her attack towards it.} 13. ... Nc5 14. g4 Ne4 15. Qe3 Qa5 16.
 a3 {White simply controls the c6 knight and takes her time. Bd3 will come
at some point, kicking out the knight from e4.} 16. ... Bd7 17. Bd3 Nc5 
18. g5 Nxd4 19. Nxd4 hxg5? {This just helps fuel White's attack.} 20. 
Qxg5+ Kf8 21. Rhg1 Nxd3+ ( 21. ... g6 22. Qf6 {is devastating.} ) 22. Rxd3
Rh7 23. Rf3 Ke8 24. Qf4! {Surprisingly it is impossible to defend f7!} 
24. ... g6 25. h5! {The point; the pawn is taboo.} 25. ... Qc5 ( 25. ... 
Rxh5 26. Qxf7+ +- ) ( 25. ... g5 26. Qxg5 +- ) ( 25. ... gxh5 26. Rg8+ +- 
) 26. hxg6 fxg6 27. Rxg6 Bc8 28. Rg8+ Kd7 29. Nxe6 Qa5 30. b4 Rh1+ 31. Kb2
Qb6 32. Qf7+ {A devastating loss for the ex European Champion.} 1-0